01499cam a2200349 a 450000500170000000800390001702000150005604000290007104100080010004400070010808200190011510000210013424500650015526001470022030000490036750001130041650001210052950000290065050000300067950400550070965000310076465000490079565000290084465000140087365000360088765000260092365000260094970000240097570000200099971000560101971000740107520200104041510.0980114s1997 sz a frb i000 0 eng a2831704049 aDLCcDLCdDLCdCO-BoIAVH0 aeng asz00a333.9516bS87b1 aStone, R. David.10aBusiness and biodiversity :ba guide for the private sector. aGeneva, Switzerland :bWorld Business Council for Sustainable Development ;aGland, Switzerland :bIUCN--the World Conservation Union,cc1997. a64 páginas :bIlustraciones ;c24 x 18 cm. a"This report was compiled for IUCN and WBCSD by: David Stone, Kristina Ringwood, Frank Vorhies"--T.p. verso. a"Este informe fue elaborado por la UICN y el WBCSD por: David Stone, Kristina Ringwood, Frank Vorhies" - T.p. verso. a"June 1997"--T.p. verso. a"Junio 1997"--T.p. verso. aIncluye referencias bibliográficas: página 63. 0aBiodiversity conservation. 0aBiodiversity conservationxEconomic aspects. 0aSustainable development. 0aBusiness.16aBiología de la conservación26aAspectos económicos26aDesarrollo sostenible1 aRingwood, Kristina.1 aVorhies, Frank.2 aWorld Business Council for Sustainable Development.2 aInternational Union for Conservation of Nature and Natural Resources.